F1 Hard General Knowledge - Statistics

General Stats
  • This quiz has been taken 85 times
  • The average score is 9 of 15
Answer Stats
Question Answer % Correct
Alongside Ferrari, which team were involved in the infamous Spygate in 2007? McLaren
90%
How many races did Keke Rosberg win in his championship winning season in 1982? 1
82%
Who was the first Chinese driver in F1? Zhou Guanyu
80%
In which year did Manor Racing race their final F1 GP? 2016
79%
Who won the 2017 Australian Grand Prix? Sebastian Vettel
76%
How many laps are there in the Austrian Grand Prix? 71
70%
Who won the 2017 European Grand Prix? Daniel Ricciardo
70%
Which driver finished P9 in a Marussia at Monaco in 2014? Jules Bianchi
61%
Which Russian driver drove for Williams in 2018? Sergey Sirotkin
59%
Who was Fernando Alonso stuck behind the 2010 Abu Dhabi Grand Prix? Vitaly Petrov
56%
Who took pole at the 2010 Brazilian Grand Prix? Nico Hulkenberg
54%
Which tyre had a light pink stripe? Hypersoft
52%
Which track hosted the 2020 Tuscan Grand Prix? Mugello
45%
Who was the teammate of Pastor Maldonado in 2012? Bruno Senna
41%
Which circuit held the finale of the 1976 F1 world championship? Fuji Speedway
24%
No matching quizzes found
Score Distribution
Percent of People with Each Score
Percentile by Number Answered
Your Score History
You have not taken this quiz